00932nam a2200205 a 4500003000200000005001700002008004100019050002900060100003000089245017200119260009000291300004000381504004100421650002200462650003400484650004800518942001400566999001700580952012900597020250221093538.0110621s19uu xx 00 eng d aPHS HQ 755.8b.In52 2011 aInglis, Samantha Abigail. aThe parent-child relationship and social competence of the fourth year high school students of Southville International School and Colleges /cSamantha Abigail Inglis. aLas Piñas City, Philippines :bSouthville International School and Colleges,c2011. a28 pages :billustrations ;c28 cm. aIncludes bibliographical references. aParent and child. aSocial skills in adolescence. aFamily relationships and social competence. 2lcccPASS c98570d98570 00102lcc40aLUXbLUXcPASSd2011-06-21eDONATIONl0oPHS HQ 755.8 .In52 2011pP2670r2014-04-08 00:00:00w2014-04-08yPASS